| Tag |
First Indicator |
Second Indicator |
Subfields |
| LEADER |
00000cim a2200000Ia 4500 |
| 001 |
in00002691663 |
| 005 |
20151202145046.0 |
| 007 |
sd fungnnmmneu |
| 008 |
110712r20122011nyunnnn f n eng d |
| 019 |
|
|
|a 768992764
|a 774687006
|
| 020 |
|
|
|a 9781427214966
|
| 020 |
|
|
|a 1427214964
|
| 028 |
0 |
1 |
|a DD1640
|b Recorded Books
|
| 035 |
|
|
|a (OCoLC)ocn758395192
|
| 035 |
|
|
|a (OCoLC)758395192
|z (OCoLC)768992764
|z (OCoLC)774687006
|
| 037 |
|
|
|b Midwest Tape
|n http://www.midwesttapes.com
|
| 040 |
|
|
|a TEFMT
|b eng
|c TEFMT
|d TEF
|d GK5
|d ZGR
|d LKC
|d LF3
|d OCLCQ
|d RECBX
|d IH9
|d TXA
|d UtOrBLW
|
| 043 |
|
|
|a n-us-mi
|
| 049 |
|
|
|a TXAM
|
| 050 |
|
4 |
|a PS3555.V2126
|b L68 2012b
|
| 082 |
0 |
4 |
|a 813/.54
|2 23
|
| 100 |
1 |
|
|a Evanovich, Janet.
|
| 245 |
1 |
0 |
|a Love in a nutshell :
|b [a novel] /
|c Janet Evanovich and Dorien Kelly.
|
| 250 |
|
|
|a Unabridged.
|
| 264 |
|
1 |
|a [New York] :
|b Macmillan Audio,
|c ©2011.
|
| 264 |
|
4 |
|c ©2011
|
| 300 |
|
|
|a 6 sound discs (6.5 hr.) :
|b digital ;
|c 4 3/4 in.
|
| 306 |
|
|
|a 063000
|
| 336 |
|
|
|a spoken word
|b spw
|2 rdacontent
|
| 337 |
|
|
|a audio
|b s
|2 rdamedia
|
| 338 |
|
|
|a audio disc
|b sd
|2 rdacarrier
|
| 500 |
|
|
|a Subtitle from container.
|
| 511 |
0 |
|
|a Read by Lorelei King.
|
| 500 |
|
|
|a Compact discs.
|
| 520 |
|
|
|a Kate Appleton wants to turn her parents' summer house, the Nutshell, into a bed and breakfast. Problem is, she needs cash, and the only job she can land is less than savory. Matt Culhane wants Kate to spy on his brewery employees. Someone has been sabotaging his company, and if Kate finds the culprit, Matt will pay her a $20,000 bonus. Needless to say, Kate is highly motivated. But there are complications. Kate hates beer, no one likes her, and she's falling for her boss.
|
| 500 |
|
|
|a Sound recording.
|
| 650 |
|
0 |
|a Bed and breakfast accommodations
|v Fiction.
|
| 650 |
|
0 |
|a Sabotage
|v Fiction.
|
| 651 |
|
0 |
|a Michigan
|v Fiction.
|
| 655 |
|
7 |
|a Love stories.
|2 gsafd
|
| 655 |
|
7 |
|a Audiobooks.
|2 lcgft
|
| 700 |
1 |
|
|a Kelly, Dorien.
|
| 700 |
1 |
|
|a King, Lorelei.
|
| 710 |
2 |
|
|a Macmillan Audio (Firm)
|
| 948 |
|
|
|a cataloged
|b h
|c 2012/2/16
|d c
|e ceaton
|f 1:24:33 pm
|
| 994 |
|
|
|a C0
|b TXA
|
| 999 |
|
|
|a MARS
|
| 999 |
f |
f |
|s ce3ba6bf-cd76-3e0e-92e8-73883587037e
|i 867d6c4a-c71d-373b-8edd-c9ec46e4e8f9
|t 0
|
| 952 |
f |
f |
|p ric
|a Texas A&M University
|b Rellis Campus
|c Joint Library Facility
|d Remote Storage
|t 0
|e PS3555.V2126 L68 2012b
|h Library of Congress classification
|i audio -- audio disc
|m A14841235310
|
| 998 |
f |
f |
|a PS3555.V2126 L68 2012b
|t 0
|l Remote Storage
|